000
00279nam a2200133Ia 4500
100
_a
Luthans/Fred
942
_c
BK
654
_a
Behavior
245
_a
Organizational Behavior
260
_b
McGraw Hill
_a
New York
_c
1977
082
_a
658.4
300
_a
588
546
_a
ENGLISH
999
_c
19064
_d
19064